01274nam a22001457a 4500008004100000020001400041050001600055100002200071245007400093260003700167300003300204500002000237505084400257650002701101120530t xxu||||| |||| 00| 0 eng d a027370379 aHF5549.C813 aPhilbeam, Stephen aPeople resourcing : contemporary HRM in practice. /cStephen, Pilbeam aNew York:bPrentice Hall,c2006. axxxii, 569 p.:bill.;c25cm. aIncludes index. aContents: People resourcing : the changing world of work and contemporary human resource management -- Human resources strategy - perspectives and theories -- Competencies in people resourcing -- Human resource planning, employee retention and worker flexibility -- HR information systems and e-enabled HR -- Recruitment: attracting the right people -- Selection: choosing the right people -- Managing diversity -- Pay, reward and resourcing -- Reward, financial benefits and pensions -- Managing and appraising performance -- Human resource development and organization development -- Managing health and safety at work -- The Strategic management of wellness at work -- Emploment relations in context -- Employment relations processes -- Conflict resolutions: discilpine and grievance -- Termination of employment -- Managing redundancy. aPersonnel management.